| 000 | 00614cam a2200145Ia 4500 | ||
|---|---|---|---|
| 040 | _cRQF | ||
| 082 | _a635 USD 1996 C145 Or. | ||
| 245 | 0 | 0 | _aGrowing vegetables in the Appalachian Region |
| 260 |
_aWashington, D.C. : _bU.S. Dept. of Agriculture, _c1966 |
||
| 300 |
_a22 p. : _bill. ; _c23 cm |
||
| 500 | _aCover title | ||
| 500 | _a"Information for this publication was drawn from publications of Crops Research Division, Agricultural Research Service, and from consultations with county agriculture agents and staff members of state agencies of the Appalachian region." | ||
| 650 | 0 | _aVegetables | |
| 942 | _cAEDBB | ||
| 999 |
_c18427 _d18427 |
||